| Tag |
First Indicator |
Second Indicator |
Subfields |
| LEADER |
00000cgm a2200000Mi 4500 |
| 001 |
in00005570521 |
| 006 |
m o c |
| 007 |
cr |n||||||||a |
| 007 |
vz |za|z| |
| 008 |
181207s2016 enk007 e o vueng d |
| 005 |
20241201231923.1 |
| 035 |
|
|
|a (OCoLC)on1081438394
|
| 040 |
|
|
|a ALSTP
|b eng
|e rda
|c ALSTP
|d OCLCO
|d OCLCF
|d UPM
|d OCLCO
|d STF
|d OCLCO
|d OCLCA
|d OCLCO
|d OCLCL
|d OCLCQ
|d DXU
|
| 019 |
|
|
|a 1373501490
|a 1444018997
|
| 035 |
|
|
|a (OCoLC)1081438394
|z (OCoLC)1373501490
|z (OCoLC)1444018997
|
| 049 |
|
|
|a TXAM
|
| 245 |
0 |
0 |
|a Experimental research methods.
|p Laboratory experiments /
|c Shortcutstv.
|
| 264 |
|
1 |
|a Leicester, England :
|b Shortcuts TV,
|c 2016.
|
| 300 |
|
|
|a 1 online resource (7 minutes)
|
| 306 |
|
|
|a 000638
|
| 336 |
|
|
|a two-dimensional moving image
|b tdi
|2 rdacontent
|
| 337 |
|
|
|a computer
|b c
|2 rdamedia
|
| 337 |
|
|
|a video
|b v
|2 rdamedia
|
| 338 |
|
|
|a online resource
|b cr
|2 rdacarrier
|
| 347 |
|
|
|a video file
|2 rda
|
| 490 |
0 |
|
|a Academic Video Online
|
| 500 |
|
|
|a Title from resource description page (viewed December 07, 2018).
|
| 511 |
0 |
|
|a Commentators: Harriet Carmichael, Steve Taylor.
|
| 520 |
|
|
|a This video uses some famous psychological studies to explain the experimental method and illustrate how laboratory experiments are done, their strengths and limitations and, often forgotten, how these limitations do not apply uniformly to all experimental studies.
|
| 546 |
|
|
|a In English.
|
| 650 |
|
0 |
|a Psychology
|x Experiments.
|
| 650 |
|
0 |
|a Psychology, Experimental.
|
| 650 |
|
0 |
|a Research
|x Methodology.
|
| 650 |
|
2 |
|a Psychology, Experimental
|
| 650 |
|
6 |
|a Psychologie
|x Expériences.
|
| 650 |
|
6 |
|a Psychologie expérimentale.
|
| 650 |
|
6 |
|a Recherche
|x Méthodologie.
|
| 650 |
|
7 |
|a Psychology, Experimental.
|2 fast
|0 (OCoLC)fst01081581
|
| 650 |
|
7 |
|a Psychology
|x Experiments.
|2 fast
|0 (OCoLC)fst01081466
|
| 650 |
|
7 |
|a Research
|x Methodology.
|2 fast
|0 (OCoLC)fst01095216
|
| 655 |
|
7 |
|a Educational films.
|2 fast
|0 (OCoLC)fst01726235
|
| 655 |
|
7 |
|a Short films.
|2 fast
|0 (OCoLC)fst01710364
|
| 655 |
|
7 |
|a Educational films.
|2 lcgft
|
| 655 |
|
7 |
|a Short films.
|2 lcgft
|
| 655 |
|
7 |
|a Films éducatifs.
|2 rvmgf
|
| 655 |
|
7 |
|a Courts métrages.
|2 rvmgf
|
| 700 |
1 |
|
|a Taylor, Steve
|q (Steve D.),
|e speaker.
|1 https://id.oclc.org/worldcat/entity/E39PCjwf9jhFV3JKRqrGtJXYWC
|
| 700 |
1 |
|
|a Carmichael, Harriet,
|e commentator.
|
| 710 |
2 |
|
|a ShortCutsTV (Firm),
|e distributor,
|e production company.
|
| 758 |
|
|
|i has work:
|a Experimental research methods Laboratory experiments (MovingImage)
|1 https://id.oclc.org/worldcat/entity/E39PCGP73g3KqXGx8vMHXgFyJP
|4 https://id.oclc.org/worldcat/ontology/hasWork
|
| 856 |
4 |
0 |
|u http://proxy.library.tamu.edu/login?url=https://www.aspresolver.com/aspresolver.asp?MARC;4009611
|z Connect to this streaming video (Alexander Street Press)
|t 0
|
| 955 |
|
|
|a Alexander Street Press subscription streaming video
|
| 994 |
|
|
|a 92
|b TXA
|
| 999 |
f |
f |
|s 701ec1e0-9157-493d-89e8-e829e8843818
|i e5ab29f3-2f95-4e0a-8789-ad06eaf4deb2
|t 0
|
| 952 |
f |
f |
|a Texas A&M University
|b College Station
|c Electronic Resources
|d Available Online
|t 0
|h Library of Congress classification
|
| 998 |
f |
f |
|t 0
|l Available Online
|